| 000 | 00581nam a22001937a 4500 | ||
|---|---|---|---|
| 999 |
_c10712 _d10712 |
||
| 003 | AR-CdUCM | ||
| 008 | 190401b ||||| |||| 00| 0 spa d | ||
| 040 |
_aMUNICIPALIDAD PROVINCIAL DEL CUSCO _cBIBLIOTECA MUNICIPAL DEL CUSCO |
||
| 082 |
_aEP / 848 / _bG82 |
||
| 245 | _aCuento de hadas de Grimm / | ||
| 260 |
_aBarcelona : _bEdit.Molino, _c1962. |
||
| 300 |
_a95 paginas ; _c29 cm. |
||
| 505 | _aContenido :Cuentos / | ||
| 650 |
_aLiteratura de educacional primaria _927710 |
||
| 650 |
_aCuentos _9217 |
||
| 700 |
_aH.C.Granch _927711 |
||
| 942 |
_2ddc _cLIBROS |
||
| 945 | _arjall | ||